000 00842nam a22002537a 4500
003 UA-OsUOA
001 47414
007 ta
008 20120613b un ||||| |||| 00| 0 ukr d
100 _aЧеботарів М.
090 _a09.-82-94
_bЧ-34
942 _cBK
040 _aUA-OsUOA
_bukr
_cUA-OsUOA
_dUA-OsUOA
245 _aНевдала регабілітація Сушка-убійника (З приводу книжки Романа Сушка: "Хто вбив полковника Отмарштейна").
300 _a86 с.
955 _a1
041 _aukr
080 _a09.-82-94
260 _bПравда
_c1933
246 3 1 _aЧ.1.
650 7 _a0 Загальний відділ.
_2UDC
999 _c427526
_d427526